| 000 | 01029nam a22002777a 4500 | ||
|---|---|---|---|
| 005 | 20240530110455.0 | ||
| 008 | 150602s2011 ua g b 000 0 ara d | ||
| 017 |
_a1507 _bمصر . دار الكتب المصرية |
||
| 020 | _a9789773582483 | ||
| 040 | _aEG-CaGPL | ||
| 082 | 0 | 4 |
_221 _a155.4\ _bع إ |
| 100 | 0 | _aعادل يوسف ابوغنيمة . | |
| 245 | 1 | 0 |
_aاضطرابات السلوك عند الاطفال : _bالاسباب و الحلول / _cعادل يوسف ابوغنيمة . |
| 250 | _aط1. | ||
| 260 |
_aالقاهرة : _bدار الفجر للنشر و التوزيع ، _c2011 . |
||
| 300 |
_a202 ص ؛ _c24 سم . |
||
| 650 | 0 | 4 | _aالسرقة . |
| 650 | 0 | 4 | _aالسلوك العدوانى . |
| 650 | 0 | 4 | _aالتخريب والتدمير . |
| 650 | 0 | 4 | _aالخجل . |
| 650 | 0 | 4 | _aالعدوانية . |
| 650 | 0 | 4 | _aالاطفال ، علم نفس . |
| 650 | 0 | 4 |
_aالاطفال _xالمشاكل الاجتماعية . |
| 942 |
_2ddc _cBK |
||
| 999 |
_c61352 _d61352 |
||